banner-ar

لغة التاثير الانسانى : (Record no. 65459)

MARC details
000 -الفاتح
حقل البيانات ثابتة الطول 00993nam a22002417a 4500
005 - وقت وتاريخ اخر تعامل مع التسجيلة
رقم الضبط 20240530110825.0
008 - عناصر البيانات ثابتة الطول - معلومات عامة
حقل البيانات ثابتة الطول 190805s2019 ua a g b 000 0 ara d
017 ## - رقم الايداع القانونى
رقم الايداع القانونى 9316/2018
المصدر ( الهيئة المختصة) مصر . دار الكتب المصرية
020 ## - الرقم الدولى المعيارى للكتب
الرقم الدولى المعيارى للكتاب 9789776543607
040 ## - مصدر الفهرسة
وكالة الفهرسة الأصلية EG-CaGPL
082 04 - رقم تصنيف ديوى العشرى
رقم الطبعة 21
رقم التصنيف 158.2/
رقم المادة آ ل
100 1# - المدخل الرئيسى - إسم شخصى
الإسم الشخصى ابس، جودى
245 10 - بيان العنوان
العنوان لغة التاثير الانسانى :
بقية العنوان كيف تجعل الاخرين يحبون الانصات اليك /
بيان المسئوليه,etc جودى ابس ؛ تعريب طلعت اسعد عبدالحميد
250 ## - بيان الطبعة
بيان الطبعة ط.1
260 ## - PUBLICATION, DISTRIBUTION, ETC. (IMPRINT)
تاريخ النشر أو التوزيع 2019 .
300 ## - الوصف المادى
التعداد 256 ص. :
تفاصيل ماديه اخرى للوعاء ايض ؛
أبعاد الوعاء 24 سم .
504 ## - تبصرة ببليوجرافية
تبصرة ببليوجرافية,الخ يشتمل على ارجاعات ببليوجرافية
650 07 - المدخل الاضافى بالموضوع-مصطلح موضوعى
مصدر الرأس أو المصطلح qarmak
مصطلح موضوعي علم النفس اللغوى
650 07 - المدخل الاضافى بالموضوع-مصطلح موضوعى
مصطلح موضوعي الشخصية
700 0# - المدخل الاضافى - اسم شخصى
الإسم الشخصى طلعت اسعد عبدالحميد
الدور تعريب
942 ## - عناصر المدخل الإضافي( كوها)
مصدر التصنيف او مخطط الترفيف Dewey Decimal Classification
Koha [default] item type كتاب
260 ## - PUBLICATION, DISTRIBUTION, ETC. (IMPRINT)
-- القاهرة :
-- روابط للنشر وتقنية المعلومات ،
Holdings
حالة التراجع حالة الفقد حالة تلف ليس للاعارة المكان المؤقت الموقع الحالى موقع الترفيف تاريخ الاكتساب اجمالي اﻻعارات رقم الطلب الباركود تاريخ اخر مشاهدة تاريخ تفعيل السعر نوع وعاء كوها
        مكتبة القاهرة الكبرى مكتبة القاهرة الكبرى القاعة الرئيسية 08/05/2019   158.2/ آ ل 166327 08/05/2019 08/05/2019 كتاب

Powered By

EGPV